| 000 | 00665nam a2200193 a 4500 | ||
|---|---|---|---|
| 001 | 000047234 | ||
| 005 | 20201002053453.0 | ||
| 008 | 180425s2017 dr 000 0 spa d | ||
| 020 | _a9789945194678 | ||
| 040 |
_aDO-SdBNP _bspa _cBNPHU |
||
| 082 |
_axxxx _bO34f 1ro., 2017 |
||
| 100 | 1 |
_aOgando, Dorca _bD694f _974953 |
|
| 245 | 1 | 0 |
_aFormación humana integral y religiosa 1 : _bprimer ciclo, secundaria / _ctexto, Dorca Ogando; ilustración Ruddy Núñez .. [et al.]. |
| 260 |
_aSanto Domingo : _bSantillana, _c2017. |
||
| 300 |
_a87p. : _bil. ; _c28cm. |
||
| 500 | _aProyecto Saber hacer | ||
| 590 | _aInventariado, 2018/MFF | ||
| 700 | 1 |
_aNúñez, Ruddy _eil. _923171 |
|
| 999 |
_c46722 _d46722 |
||